000 00380nam a2200145Ia 4500
008 150201s2009 xx 000 0 und d
082 _a617.601
_bD2009B
100 _aBRIAN.A.BURT
245 _aDENTISTRY DENTAL PRACTICE & THE COMMUNITY
250 _a1ST
260 _bELSEVIER
_aDELHI
_c2009
300 _a1-425
650 _aPREVENTIVE AND COMMUNITY DENTISTRY
942 _2ddc
_cBK
999 _c4747
_d4747